Vista normal
Vista MARC
Entrada Materia (tema)
Número de registros utilizados en: 1
001 - CONTROL NUMBER
- control field: 80807
003 - CONTROL NUMBER IDENTIFIER
- control field: Co-BoUCM
005 - DATE AND TIME OF LATEST TRANSACTION
- control field: 20161005082348.0
008 - FIXED-LENGTH DATA ELEMENTS
- fixed length control field: 161005|| aca||aabn | a|a d
040 ## - CATALOGING SOURCE
- Original cataloging agency: Co-BoUCM
- Transcribing agency: Co-BoUCM
150 ## - HEADING--TOPICAL TERM
- Topical term or geographic name as entry element: Industrias
- Geographic subdivision: Países en desarrollo
670 ## - SOURCE DATA FOUND
- Source citation: Work cat.: (Co-BoUCM)304566: Bulmer-Thomas, V. 80806, Input-output analysis in developing countries, c1982.